Normal view
MARC view
- طرق التدريس-الوسائل التعليمية
Entry Topical Term
001 - CONTROL NUMBER
- control field: 50130
003 - CONTROL NUMBER IDENTIFIER
- control field: JO-AjAnu
005 - DATE AND TIME OF LATEST TRANSACTION
- control field: 20230606082245.0
008 - FIXED-LENGTH DATA ELEMENTS
- fixed length control field: 230606|| aca||aabn | a|a d
040 ## - CATALOGING SOURCE
- Original cataloging agency: JO-AjAnu
- Transcribing agency: JO-AjAnu
150 ## - HEADING--TOPICAL TERM
- Topical term or geographic name entry element: طرق التدريس-الوسائل التعليمية
670 ## - SOURCE DATA FOUND
- Source citation: Work cat.: (JO-AjAnu)25630: طوالبة،هادي مؤلف/الصرايرة،باسم م.مشارك/الشمايلة،نسرين م.مشارك/الصرايره،خالد م.مشارك, author 50129, طرائق التدريس